Statistics for The Legend of Zelda: Link's Awakening - Dungeons

Click here to take the quiz!

General Stats

  • This quiz has been taken 21 times
  • The average score is 7 of 9

Answer Stats

Answer % Correct
Turtle Rock
100%
Eagle's Tower
95%
Bottle Grotto
95%
Face Shrine
89%
Catfish's Maw
79%
Key Cavern
74%
Angler's Tunnel
74%
Tail Cave
68%
Wind Fish's Egg
58%

Score Distribution

Percentile by Number Answered

Percent of People with Each Score

Your Score History

You have not taken this quiz